Internet publishing and beyond : (Record no. 19033)

000 -LEADER
fixed length control field 00753cam a2200193 a 4500
020 ## - INTERNATIONAL STANDARD BOOK NUMBER
ISBN 0262611597
040 ## - CATALOGING SOURCE
Transcribing agency DLC
082 00 - DEWEY DECIMAL CLASSIFICATION NUMBER
Classification number 070 INT 2000 C158 Or.
245 00 - TITLE STATEMENT
Title Internet publishing and beyond :
Remainder of title the economics of digital information and intellectual property /
260 ## - PUBLICATION, DISTRIBUTION, ETC. (IMPRINT)
Place of publication Cambridge, Mass. :
Name of publisher MIT Press,
Year of publication c2000.
300 ## - PHYSICAL DESCRIPTION
Number of Pages vi, 243 p. :
Other physical details ill. ;
Dimensions 23 cm.
500 ## - GENERAL NOTE
General note "A publication of the Harvard Information Infrastructure Project in collaboration with the School of Information Management and Systems at the University of California at Berkeley."
650 #0 - SUBJECT ADDED ENTRY--TOPICAL TERM
Topical Term Internet publishing
650 #0 - SUBJECT ADDED ENTRY--TOPICAL TERM
Topical Term Intellectual property
650 #0 - SUBJECT ADDED ENTRY--TOPICAL TERM
Topical Term Technological innovations
700 1# - ADDED ENTRY--PERSONAL NAME
Personal name Kahin, Brian.
700 1# - ADDED ENTRY--PERSONAL NAME
Personal name Varian, Hal R.
942 ## - ADDED ENTRY ELEMENTS (KOHA)
Koha item type ADB
952 ## - LOCATION AND ITEM INFORMATION (KOHA)
Withdrawn status [LOCAL, KOHA] 0
952 ## - LOCATION AND ITEM INFORMATION (KOHA)
Withdrawn status [LOCAL, KOHA] 0
Holdings
Source of acquisition Permanent Location Date acquired Koha item type Lost status Shelving location Current Location Full call number
A33448Library Block C2020-03-02សៀវភៅភាសាអង់គ្លេស C148Library Block C070 INT 2000 C158 Or.
A33448Library Block C2020-03-02សៀវភៅភាសាអង់គ្លេស C148Library Block C070 INT 2000 C158 Or.
មជ្ឈមណ្ឌលឯការនៃសាកលវិទ្យាល័យភូមិន្ទកសិកម្មចំការដូង

Powered by Koha